| 000 | 01169nam a2200289Ia 4500 | ||
|---|---|---|---|
| 001 | ebr10106653 | ||
| 003 | CaPaEBR | ||
| 006 | m u | ||
| 007 | cr cn||||||||| | ||
| 008 | 050629s2005 enk fs 000 0 eng d | ||
| 020 | _z9780749446758 | ||
| 020 | _z0749443952 (pbk.) | ||
| 040 |
_aCaPaEBR _cCaPaEBR |
||
| 035 | _a(OCoLC)62746117 | ||
| 050 | 1 | 4 |
_aQA76.9.A25 _bC35 2005eb |
| 082 | 0 | 4 |
_a005.8 _222 |
| 100 | 1 |
_aCalder, Alan, _d1957- |
|
| 245 | 1 | 2 |
_aA business guide to information security _h[electronic resource] : _bhow to protect your company's IT assets, reduce risks and understand the law / _cAlan Calder. |
| 260 |
_aLondon : _bKogan Page, _c2005. |
||
| 300 | _aviii, 182 p. | ||
| 533 |
_aElectronic reproduction. _bPalo Alto, Calif. : _cebrary, _d2009. _nAvailable via World Wide Web. _nAccess may be limited to ebrary affiliated libraries. |
||
| 650 | 0 | _aComputer security. | |
| 650 | 0 |
_aInformation resources management _xSecurity measures. |
|
| 655 | 7 |
_aElectronic books. _2local |
|
| 710 | 2 | _aebrary, Inc. | |
| 856 | 4 | 0 |
_uhttp://site.ebrary.com/lib/rucke/Doc?id=10106653 _zAn electronic book accessible through the World Wide Web; click to view |
| 999 |
_c100531 _d100531 |
||